Príspevok vysokých škôl k riešeniu problémov regiónov

Spolupráca univerzít s hospodárskou praxou, ktorá umožní podnikom, vysokým školám, výskumným organizáciám spolupracovať, vytvoriť partnerstvá a spoločne prostredníctvom produktových, procesných, marketingových a organizačných inovácií byť konkurencieschopnejší, efektívnejší a vytvárať nové pracovné...

Descripción completa

Guardado en:
Detalles Bibliográficos
Autor principal: Čimo, Jozef
Formato: Capítulo de libro
Lenguaje:eslovaco
Materias:
Etiquetas: Agregar Etiqueta
Sin Etiquetas, Sea el primero en etiquetar este registro!

MARC

LEADER 00000nla a2200000 4500
001 0174585
005 20221020083951.0
041 0 |a slo 
044 |a CZ 
245 1 0 |a Príspevok vysokých škôl k riešeniu problémov regiónov  |c Jozef Čimo 
520 |a Spolupráca univerzít s hospodárskou praxou, ktorá umožní podnikom, vysokým školám, výskumným organizáciám spolupracovať, vytvoriť partnerstvá a spoločne prostredníctvom produktových, procesných, marketingových a organizačných inovácií byť konkurencieschopnejší, efektívnejší a vytvárať nové pracovné príležitosti. 
610 2 0 |a rozvoj regionálny 
610 2 0 |a inkubátory podnikateľské 
610 2 0 |a inkubátory technologické 
610 2 0 |a partnerstvo strategické 
610 2 0 |a školy vysoké 
610 2 0 |a univerzity 
100 1 |a Čimo, Jozef